01209nam a2200229 a 450000100100000000500170001000800410002702000180006804000250008608200160011110000360012724500750016326000490023830000270028750400270031495201290034195201290047095201290059995201140072895201200084299900170096200001742120200929165116.0100324s2009 dr a 000 0 spa d a9789993442981 aDO-SdBNPbspacBNPHU axxxxbS583p1 aSilia Eduardo, Florencio93810813aEl patrimonio cultural tangible de La Vega /cFlorencio Silia Eduardo. aSanto Domingo :bEdiciones Ferilibro,c2009. a76 p. :bil. ;c23 cm. aBibliografa : p. 70-72 001054708DSaGRbGRcCTd2010-03-24iLF1l0oxxxx S583pp17421-30r2020-06-25te. 3w2020-06-25yLFDSZPréstamo en sala 001054708DSaGRbGRcCTd2011-04-04iLF1l0oxxxx S583pp17421-40r2020-06-25te. 4w2020-06-25yLFDSZPréstamo en sala 001054708DSaGRbGRcCTd2011-05-05iLF1l0oxxxx S583pp17421-50r2020-06-25te. 5w2020-06-25yLFDSZPréstamo en sala 0010718PDaPDbPDcCTd2010-03-24iLF1l0oxxxx S583pp17421-10r2020-06-25w2020-06-25yLFPDZNo se presta 0010718PDaPDbPDcCTd2010-03-24iLF1l0oxxxx S583pp17421-20r2020-06-25te. 2w2020-06-25yLFPDZNo se presta c16946d16946